00406nam a2200133 a 450000500170000000800410001702000180005805000250007610000160010124500750011726000430019230000090023544000280024420140412111326.0110128s19uu xx 00 eng d a0-7641-0995-2 aM 306.856bT382 1998 aThomas, Pat aMy Family's Changing :bA First look at family break-up /cPat Thomas. aCanada :bBarron's educational,c1998. a29p. aa first look at... book